[Event "AUTO-INT-1252"]
[Site "http://www.queenalice.com/game.php?id=562680"]
[Date "2009.3.27"]
[Round "1"]
[White "Chiavega"]
[Black "CpsmB"]
[Result "0-1"]
[WhiteElo "1335"]
[BlackElo "1447"]

1. d4 d5 2. Nf3 f6 3. Nc3 e5 4. e3 e4 5. Nd2 a6 6. Be2 g6 7. a3 h5 8. h3 b5 9.
f3 Qd6 10. f4 g5 11. Rf1 g4 12. h4 Qe6 13. f5 Qb6 14. Nxd5 Qd6 15. Nf4 Bxf5 16.
Nb3 Nd7 17. Na5 Rb8 18. b4 c6 19. g3 Ne7 20. c3 Nd5 21. Nxd5 Qxd5 22. c4 bxc4
23. Qc2 Bh6 24. Bxc4 Qd6 25. Rg1 Rb6 26. Qf2 Be6 27. Bxe6 Qxe6 28. Rb1 c5 29.
Qc2 O-O 30. Bd2 Qf7 31. Rf1 cxd4 32. Nc4 Rc6 33. Rc1 Ne5 34. Kd1 Rxc4 35. Qb1
Rxc1+ 36. Qxc1 dxe3 37. Bxe3 Qb3+ 38. Ke1 Bxe3 0-1

[Event "AUTO-INT-1252"]
[Site "http://www.queenalice.com/game.php?id=562681"]
[Date "2009.3.27"]
[Round "1"]
[White "CpsmB"]
[Black "Chiavega"]
[Result "1-0"]
[WhiteElo "1395"]
[BlackElo "1316"]

1. e4 e5 2. Qh5 Nc6 3. Bc4 Nh6 4. d3 g6 5. Qf3 Bb4+ 6. c3 Nd4 7. Qh3 d6 8. Bxh6
Bxh3 9. gxh3 Nc2+ 10. Kd2 Bc5 11. Kxc2 Qh4 12. Be3 Qxh3 13. Nxh3 O-O-O 14. Ng5
1-0

[Event "AUTO-INT-1252"]
[Site "http://www.queenalice.com/game.php?id=562696"]
[Date "2009.3.27"]
[Round "1"]
[White "CpsmB"]
[Black "XaraX"]
[Result "0-1"]
[WhiteElo "1492"]
[BlackElo "1868"]

1. e3 e5 2. Qh5 Nc6 3. Qf3 Qf6 4. Qxf6 Nxf6 5. h3 Bc5 6. Nf3 O-O 7. a3 a6 8. d3
d5 9. d4 exd4 10. exd4 Bxd4 11. Be3 Bxe3 12. fxe3 Re8 13. Kf2 Ne5 14. Nxe5 Rxe5
15. Nc3 Ne4+ 16. Nxe4 Rxe4 17. Bd3 Re5 18. Ke2 d4 19. e4 Bf5 20. Kf3 Bg6 21. Kf4
Rae8 22. Rhe1 f5 23. exf5 Rxe1 24. Rxe1 Rxe1 25. Kg5 Bf7 26. f6 Re5+ 27. Kf4
gxf6 28. g4 c5 29. b3 Bg6 30. Bxg6 hxg6 0-1

[Event "AUTO-INT-1252"]
[Site "http://www.queenalice.com/game.php?id=562697"]
[Date "2009.3.27"]
[Round "1"]
[White "XaraX"]
[Black "CpsmB"]
[Result "1-0"]
[WhiteElo "1826"]
[BlackElo "1473"]

1. d4 d5 2. c4 dxc4 3. Nc3 a6 4. a4 g6 5. e4 Bg7 6. Nf3 Bg4 7. Bxc4 Bxf3 8. Qxf3
Bf6 9. e5 Qxd4 10. exf6 Nxf6 11. Qd3 Qxd3 12. Bxd3 Nc6 13. O-O O-O 14. Bg5 Rad8
15. Rad1 h6 16. Bxf6 exf6 17. Be4 Rxd1 18. Rxd1 Rd8 19. Rxd8+ Nxd8 20. b4 f5 21.
Bf3 c6 22. b5 c5 23. bxa6 bxa6 24. Be2 a5 25. Bb5 Ne6 26. Nd5 Kg7 27. Nb6 f4 28.
Nd7 Nd8 29. Nxc5 Ne6 30. Nb7 Ng5 31. Nxa5 Ne6 32. Nc6 Ng5 33. a5 Ne6 34. a6 Nc7
35. a7 Kf8 36. Nb8 Nxb5 37. a8=Q 1-0

[Event "AUTO-INT-1252"]
[Site "http://www.queenalice.com/game.php?id=562698"]
[Date "2009.3.27"]
[Round "1"]
[White "CpsmB"]
[Black "yclaudiu35"]
[Result "0-1"]
[WhiteElo "1478"]
[BlackElo "1745"]

1. e4 e5 2. Qh5 Qf6 3. Qf5 Qxf5 4. exf5 h5 5. b3 d6 6. Bd3 Ne7 7. Ne2 Bxf5 8. f4
Bxd3 9. cxd3 exf4 10. Nxf4 g5 11. Ne2 Bg7 12. Nbc3 b5 13. b4 c5 14. Ba3 a5 15.
bxc5 b4 16. cxd6 Nc8 17. Bb2 bxc3 18. Bxc3 Nxd6 19. Bxg7 Rg8 20. Be5 Kd7 21. O-O
Rf8 22. Nd4 Nc6 23. Nxc6 Kxc6 24. Rac1+ Kd5 25. Bxd6 Kxd6 26. Rf5 f6 0-1

[Event "AUTO-INT-1252"]
[Site "http://www.queenalice.com/game.php?id=562699"]
[Date "2009.3.27"]
[Round "1"]
[White "yclaudiu35"]
[Black "CpsmB"]
[Result "1-0"]
[WhiteElo "1739"]
[BlackElo "1484"]

1. e4 e5 2. Nf3 Nc6 3. Bb5 a6 4. Bxc6 dxc6 5. Nc3 Bg4 6. h3 Bxf3 7. Qxf3 f6 8.
O-O Bb4 9. a3 Bxc3 10. Qxc3 Qd6 11. Qb3 O-O-O 12. d3 Nh6 13. Bxh6 gxh6 14. Qf7
Rdf8 15. Qh5 f5 16. exf5 Rf6 17. g4 Rg8 18. Qh4 Qe7 19. Rfe1 Rg7 20. Kf1 Rg5 21.
d4 e4 22. Re3 Rd6 23. c3 Rd7 24. f3 Rg7 25. Qxh6 Rd6 26. Qf4 Qg5 27. Qxe4 1-0

[Event "AUTO-OPEN-1492"]
[Site "http://www.queenalice.com/game.php?id=562820"]
[Date "2009.3.27"]
[Round "1"]
[White "sergiomaia"]
[Black "CpsmB"]
[Result "1-0"]
[WhiteElo "1713"]
[BlackElo "1499"]

1. d4 d5 2. Nc3 Nf6 3. Qd3 Bd7 4. e4 a6 5. e5 Bb5 6. Nxb5 axb5 7. Qxb5+ Nbd7 8.
Qxb7 Rb8 9. Qa6 Ne4 10. f3 Rb6 11. Qa5 g5 12. fxe4 dxe4 13. Qd5 e6 14. Qxe4 c5
15. dxc5 Nxc5 16. Qg4 h6 17. Nf3 Qd5 18. Qd4 Qxd4 19. Nxd4 Bg7 20. Nf3 f6 21.
exf6 Bxf6 22. Be3 Rc6 23. Bb5 Kd7 24. Bxc6+ Kxc6 25. O-O-O Ne4 26. Rhf1 Rb8 27.
c3 Kb5 28. Nd4+ Bxd4 29. Rxd4 Nf6 30. Rb4+ 1-0

[Event "AUTO-OPEN-1492"]
[Site "http://www.queenalice.com/game.php?id=562821"]
[Date "2009.3.27"]
[Round "1"]
[White "CpsmB"]
[Black "sergiomaia"]
[Result "0-1"]
[WhiteElo "1526"]
[BlackElo "1720"]

1. e3 d5 2. c4 dxc4 3. Bxc4 Nc6 4. a3 Ne5 5. d3 Nxc4 6. dxc4 Qxd1+ 7. Kxd1 Be6
8. c5 O-O-O+ 9. Bd2 Bb3+ 10. Ke2 e5 11. Bc3 f6 12. Nd2 Ba4 13. b3 Bb5+ 14. Ke1
Bxc5 15. Rc1 Bxa3 16. Ra1 Bc5 17. Ra5 Bc6 18. Ngf3 Bb6 19. Ra2 Ne7 20. Nc4 Bc5
21. b4 Bb6 22. Nxb6+ axb6 23. Ke2 Bb5+ 24. Ke1 Bc4 25. Rd2 Rxd2 26. Nxd2 Ba6 27.
Ne4 Nd5 28. f4 Nxc3 29. Nxc3 exf4 30. e4 Bc4 31. Kf2 Re8 32. Rc1 Bd3 33. Kf3 g5
34. Re1 f5 35. Rd1 fxe4+ 36. Kg4 h6 37. h3 c5 38. b5 c4 0-1

[Event "AUTO-OPEN-1492"]
[Site "http://www.queenalice.com/game.php?id=562842"]
[Date "2009.3.27"]
[Round "1"]
[White "yclaudiu35"]
[Black "CpsmB"]
[Result "1-0"]
[WhiteElo "1726"]
[BlackElo "1497"]

1. e4 e5 2. Nf3 d5 3. Nxe5 Qf6 4. d4 c5 5. exd5 b6 6. c3 Bf5 7. Qe2 Nd7 8. Nxd7+
Qe7 9. Nxf8 Kxf8 10. dxc5 Qxc5 11. c4 b5 12. b3 Qd4 13. Bb2 Bd3 14. Bxd4 Bxe2
15. Bxe2 Re8 16. Bxa7 Nf6 17. Nc3 bxc4 18. bxc4 Nd7 19. O-O Ra8 20. Be3 Re8 21.
c5 Ne5 22. d6 Nd7 23. c6 Ne5 24. d7 Rd8 25. Bb5 Ke7 26. Rfe1 1-0

[Event "AUTO-OPEN-1492"]
[Site "http://www.queenalice.com/game.php?id=562843"]
[Date "2009.3.27"]
[Round "1"]
[White "CpsmB"]
[Black "yclaudiu35"]
[Result "0-1"]
[WhiteElo "1490"]
[BlackElo "1733"]

1. e4 e5 2. Bc4 Qg5 3. Qf3 Nf6 4. Nh3 Qg6 5. c3 Qxe4+ 6. Qxe4 Nxe4 7. f3 Nc5 8.
Ng5 Ne6 9. Nxe6 dxe6 10. d4 exd4 11. cxd4 Nc6 12. a3 Nxd4 13. Bd3 Nb3 14. Ra2
Nxc1 15. Ra1 Nxd3+ 16. Kd2 Nf4 17. Rg1 Bc5 18. Rc1 Bd6 19. g3 Nd5 20. Ke2 O-O
21. Nd2 f5 22. f4 b6 23. Nc4 Ba6 24. b3 g5 25. fxg5 f4 26. g4 f3+ 27. Kf2 Bxh2
28. Rh1 Bf4 0-1

[Event "AUTO-OPEN-1492"]
[Site "http://www.queenalice.com/game.php?id=562854"]
[Date "2009.3.27"]
[Round "1"]
[White "XaraX"]
[Black "CpsmB"]
[Result "1-0"]
[WhiteElo "1866"]
[BlackElo "1496"]

1. d4 d5 2. c4 c6 3. Nc3 dxc4 4. a4 e6 5. e4 c5 6. dxc5 Qxd1+ 7. Nxd1 Bxc5 8.
Bxc4 Nf6 9. f3 Bxg1 10. Rxg1 O-O 11. Kf2 Nc6 12. Bg5 h6 13. Bxf6 gxf6 14. Nc3
Ne5 15. Be2 Ng6 16. Rgd1 Ne5 17. Rd6 Bd7 18. Rad1 Rfd8 19. f4 Kf8 20. fxe5 fxe5
21. Rxd7 Rxd7 22. Rxd7 Ke8 23. Rxb7 Kd8 24. Rxf7 Ke8 25. Rh7 1-0

[Event "AUTO-OPEN-1492"]
[Site "http://www.queenalice.com/game.php?id=562855"]
[Date "2009.3.27"]
[Round "1"]
[White "CpsmB"]
[Black "XaraX"]
[Result "0-1"]
[WhiteElo "1476"]
[BlackElo "1836"]

1. e3 e5 2. Qh5 Nc6 3. Bc4 g6 4. Qf3 Qf6 5. a3 Bg7 6. Qxf6 Nxf6 7. h3 O-O 8. d3
d5 9. Ba2 a6 10. b3 Re8 11. Nc3 e4 12. d4 b5 13. b4 Bd7 14. Bb2 Be6 15. O-O-O a5
16. Nxb5 Rec8 17. Bb3 axb4 18. a4 Na5 19. Ne2 c6 20. Nd6 Rd8 21. Nb5 cxb5 22.
axb5 Nxb3+ 23. cxb3 Rdb8 24. Rd2 Rxb5 25. Kd1 Rba5 26. Ng3 Bd7 27. Re1 Bb5 28.
h4 h5 29. Rf1 Bxf1 30. Nxf1 Ne8 31. f3 Nd6 32. g4 Kh7 33. f4 hxg4 34. Nh2 f5 35.
Rc2 Rc8 0-1

[Event "AUTO-INT-1279"]
[Site "http://www.queenalice.com/game.php?id=575243"]
[Date "2009.4.21"]
[Round "1"]
[White "Gera10"]
[Black "CpsmB"]
[Result "0-1"]
[WhiteElo "1517"]
[BlackElo "1469"]

1. e4 e5 2. Nf3 Nc6 3. Bc4 f6 4. Nh4 g6 5. d3 f5 6. O-O Qxh4 7. Be3 b6 8. Nc3 a6
9. Nd5 Bd6 10. d4 exd4 11. Bxd4 Qxh2# 0-1

[Event "AUTO-INT-1279"]
[Site "http://www.queenalice.com/game.php?id=575244"]
[Date "2009.4.21"]
[Round "1"]
[White "CpsmB"]
[Black "Gera10"]
[Result "0-1"]
[WhiteElo "1489"]
[BlackElo "1501"]

1. e4 e5 2. Qh5 Nc6 3. Bc4 Nf6 4. Qf3 Bc5 5. d3 Nd4 6. Qd1 d6 7. c3 Nc6 8. Bg5
h6 9. Bxf6 Qxf6 10. Nf3 g5 11. Nfd2 Qxf2# 0-1

[Event "AUTO-INT-1279"]
[Site "http://www.queenalice.com/game.php?id=575255"]
[Date "2009.4.21"]
[Round "1"]
[White "Teenho"]
[Black "CpsmB"]
[Result "0-1"]
[WhiteElo "1420"]
[BlackElo "1491"]

1. e4 e5 2. Nf3 Nc6 3. d4 exd4 4. Nxd4 Bc5 5. Qg4 g6 6. Bg5 f6 7. Bxf6 Qxf6 8.
Nc3 Nxd4 9. e5 Qxe5+ 10. Qe2 Nxe2 11. Bxe2 Bd4 12. O-O-O Nf6 13. Rhe1 Bxc3 14.
bxc3 Qxc3 15. Bb5+ Kf7 16. Rd3 Qa1+ 17. Kd2 Qxe1+ 18. Kxe1 c6 19. Bc4+ d5 20.
Bb3 Re8+ 21. Kf1 Bf5 22. Rf3 Re6 23. c4 Rae8 24. g3 Bh3+ 25. Kg1 Re1# 0-1

[Event "AUTO-INT-1279"]
[Site "http://www.queenalice.com/game.php?id=575256"]
[Date "2009.4.21"]
[Round "1"]
[White "CpsmB"]
[Black "Teenho"]
[Result "1-0"]
[WhiteElo "1467"]
[BlackElo "1424"]

1. e4 Nf6 2. Nc3 e5 3. d4 Bb4 4. Bd2 exd4 5. Nd5 Nxd5 6. exd5 Bxd2+ 7. Qxd2 O-O
8. Qxd4 Re8+ 9. Ne2 d6 10. O-O-O c6 11. Nf4 Re5 12. Bc4 cxd5 13. Bxd5 Rf5 14.
Rd3 Qg5 15. g3 Rxd5 16. Qxd5 Qf5 17. Qxd6 Qa5 18. Qd8+ Qxd8 19. Rxd8# 1-0

[Event "AUTO-INT-1279"]
[Site "http://www.queenalice.com/game.php?id=575263"]
[Date "2009.4.21"]
[Round "1"]
[White "CpsmB"]
[Black "TonyDaMadeira"]
[Result "1-0"]
[WhiteElo "1520"]
[BlackElo "1240"]

1. e4 e5 2. Qh5 Nc6 3. Bc4 g6 4. Qf3 Nf6 5. d3 Nd4 6. Qd1 Bc5 7. Be3 d6 8. c3
Ne6 9. b4 Bxe3 10. fxe3 Bd7 11. Ne2 O-O 12. Bxe6 Bxe6 13. d4 Nxe4 14. Nd2 Nxd2
15. Qxd2 Qh4+ 16. g3 Qe4 17. Rf1 Qg2 18. h4 Bc4 19. Rf2 Qh3 20. e4 Qh1+ 21. Rf1
Qxe4 22. Rf2 exd4 23. cxd4 Rfe8 24. Rc1 b5 25. Rc3 Bxe2 26. Rxe2 Qh1+ 27. Kf2
Rxe2+ 28. Qxe2 1-0

[Event "AUTO-INT-1279"]
[Site "http://www.queenalice.com/game.php?id=575264"]
[Date "2009.4.21"]
[Round "1"]
[White "TonyDaMadeira"]
[Black "CpsmB"]
[Result "0-1"]
[WhiteElo "1404"]
[BlackElo "1507"]

1. e4 e5 2. Nf3 Nc6 3. Bc4 Na5 4. d3 Nxc4 5. dxc4 Bc5 6. Nxe5 Qf6 7. Nf3 h6 8.
O-O g5 9. Nc3 Qg6 10. b3 Rh7 11. Ne5 Qd6 12. Nd3 Bd4 13. Bd2 a6 14. Re1 f6 15.
Rb1 Bxc3 16. Bxc3 Qe7 17. Qf3 d6 18. Rbd1 h5 19. h3 g4 20. Qf4 gxh3 21. Kh1 Qg7
22. g3 Qg6 23. c5 Bg4 24. f3 Be6 25. cxd6 h4 26. gxh4 Qg2# 0-1